BIBLIOTECA

SENCICO

Instalaciones solares fotovaltaicas. (Registro nro. 859)

Detalles MARC
000 -LEADER
fixed length control field 00960nam a2200289Ia 4500
005 - DATE AND TIME OF LATEST TRANSACTION
control field 20251020182451.0
008 - FIXED-LENGTH DATA ELEMENTS--GENERAL INFORMATION
fixed length control field 200515s9999 xx 000 0 und d
020 ## - INTERNATIONAL STANDARD BOOK NUMBER
International Standard Book Number 978-84-267-1813-6
082 ## - DEWEY DECIMAL CLASSIFICATION NUMBER
Classification number 621.226/C28
100 ## - MAIN ENTRY--PERSONAL NAME
Personal name Barrio, Mónica
100 ## - MAIN ENTRY--PERSONAL NAME
Personal name Casa, Miguel
245 #0 - TITLE STATEMENT
Title Instalaciones solares fotovaltaicas.
250 ## - EDITION STATEMENT
Edition statement 1a ed.
260 ## - PUBLICATION, DISTRIBUTION, ETC.
Place of publication, distribution, etc. Barcelona
260 ## - PUBLICATION, DISTRIBUTION, ETC.
Name of publisher, distributor, etc. Marcombo
260 ## - PUBLICATION, DISTRIBUTION, ETC.
Date of publication, distribution, etc. 2012
300 ## - PHYSICAL DESCRIPTION
Extent 197 p.
300 ## - PHYSICAL DESCRIPTION
Other physical details il., tbl., graf., map.
500 ## - GENERAL NOTE
General note 1 ejemplar
520 ## - SUMMARY, ETC.
Summary, etc. La energia solar evita las emisiones de gases de efecto invernadero y, junto con las otras energías renovables, disminuye la dependencia energética de los combustibles fósiles, que provienen mayoritariamente de otros países y pueden llegar a agotarse.
650 ## - SUBJECT ADDED ENTRY--TOPICAL TERM
Topical term or geographic name entry element ENERGIA SOLAR
650 ## - SUBJECT ADDED ENTRY--TOPICAL TERM
Topical term or geographic name entry element INSTALACIONES SOLARES FOTOVOLTAICAS
650 ## - SUBJECT ADDED ENTRY--TOPICAL TERM
Topical term or geographic name entry element PROTECCION AMBIENTAL
650 ## - SUBJECT ADDED ENTRY--TOPICAL TERM
Topical term or geographic name entry element RIESGOS LABORALES
942 ## - ADDED ENTRY ELEMENTS (KOHA)
Koha item type Libros
Existencias
Fecha de la última vez que lo usaron Pago total Signatura topográfica completa Código de barras Precio efectivo desde Tipo de documento Estado perdido Estado dañado No es para préstamo Retirado Ubicación permanente Ubicación actual Fecha de adquisición
15/05/2020   621.226/C28 Bib-Lima15050859 15/05/2020 Libros         Biblioteca Central Lima Biblioteca Central Lima 15/05/2020